<?xml version="1.0" encoding="UTF-8"?>
<record
    xmlns:xsi="http://www.w3.org/2001/XMLSchema-instance"
    xsi:schemaLocation="http://www.loc.gov/MARC21/slim http://www.loc.gov/standards/marcxml/schema/MARC21slim.xsd"
    xmlns="http://www.loc.gov/MARC21/slim">

  <leader>01534ntaaa2200337   4500</leader>
  <controlfield tag="003">01</controlfield>
  <controlfield tag="005">20251027203315.0</controlfield>
  <controlfield tag="008">0714s1973  ag    01 </controlfield>
  <datafield tag="040" ind1=" " ind2=" ">
    <subfield code="a">AR-BaBN</subfield>
    <subfield code="b">spa</subfield>
    <subfield code="c">AR-BaBN</subfield>
    <subfield code="e">aacr</subfield>
    <subfield code="d">RIC</subfield>
  </datafield>
  <datafield tag="100" ind1=" " ind2=" ">
    <subfield code="a">Barreto Ibarra, Mirta Estela </subfield>
    <subfield code="9">36351</subfield>
  </datafield>
  <datafield tag="245" ind1=" " ind2=" ">
    <subfield code="a">Hacia una antropolog&#xED;a teol&#xF3;gica m&#xE1;s &#xED;ntegra : </subfield>
    <subfield code="b">una relectura desde la lente de che serviha / </subfield>
    <subfield code="c">Mirta Estela Barreto Ibarra, dirigido por Nancy Bedford, Carlos Villanueva,  y Stanley Clark</subfield>
  </datafield>
  <datafield tag="260" ind1=" " ind2=" ">
    <subfield code="a">Buenos Aires, </subfield>
    <subfield code="c">2007</subfield>
  </datafield>
  <datafield tag="300" ind1=" " ind2=" ">
    <subfield code="a">vii, 230 + [12] h. ; </subfield>
    <subfield code="c">28 cm.</subfield>
  </datafield>
  <datafield tag="500" ind1=" " ind2=" ">
    <subfield code="a">La expresi&#xF3;n 'che serviha' refiere en este trabajo a las mujeres paraguayas pensadas desde la particularidad de sus experiencias</subfield>
  </datafield>
  <datafield tag="500" ind1=" " ind2=" ">
    <subfield code="a">Incluye notas a pie de p&#xE1;gina bibliogr&#xE1;ficas y ap&#xE9;ndice de gr&#xE1;ficos y tablas</subfield>
  </datafield>
  <datafield tag="500" ind1=" " ind2=" ">
    <subfield code="a">Contiene glosario guaran&#xED;</subfield>
  </datafield>
  <datafield tag="500" ind1=" " ind2=" ">
    <subfield code="a">Bibliograf&#xED;a: h. 210-230</subfield>
  </datafield>
  <datafield tag="502" ind1=" " ind2=" ">
    <subfield code="a">(doctorado)-Seminario Internacional Teol&#xF3;gico Bautista, Buenos Aires, 2007</subfield>
  </datafield>
  <datafield tag="505" ind1=" " ind2=" ">
    <subfield code="t">Cap. I. La estructura de la sociedad paraguaya desde la perspectiva de che serviha</subfield>
  </datafield>
  <datafield tag="505" ind1=" " ind2=" ">
    <subfield code="t">Cap. II. La antropolog&#xED;a teol&#xF3;gica desde la perspectiva de che serviha</subfield>
  </datafield>
  <datafield tag="505" ind1=" " ind2=" ">
    <subfield code="t">Cap. III. El siervo sufriente y che serviha</subfield>
  </datafield>
  <datafield tag="530" ind1=" " ind2=" ">
    <subfield code="a">Digital</subfield>
  </datafield>
  <datafield tag="650" ind1=" " ind2=" ">
    <subfield code="a">TESIS</subfield>
  </datafield>
  <datafield tag="650" ind1=" " ind2=" ">
    <subfield code="a">ANTROPOLOGIA TEOLOGICA</subfield>
    <subfield code="9">1908</subfield>
  </datafield>
  <datafield tag="650" ind1=" " ind2=" ">
    <subfield code="a">ESTRUCTURA SOCIAL</subfield>
    <subfield code="9">36352</subfield>
  </datafield>
  <datafield tag="650" ind1=" " ind2=" ">
    <subfield code="a">PARAGUAY</subfield>
    <subfield code="9">8611</subfield>
  </datafield>
  <datafield tag="700" ind1=" " ind2=" ">
    <subfield code="a">Bedford, Nancy </subfield>
    <subfield code="e">director</subfield>
    <subfield code="9">32972</subfield>
  </datafield>
  <datafield tag="700" ind1=" " ind2=" ">
    <subfield code="a">Villanueva, Carlos </subfield>
    <subfield code="e">colaborador</subfield>
    <subfield code="9">31537</subfield>
  </datafield>
  <datafield tag="700" ind1=" " ind2=" ">
    <subfield code="a">Clark, Stanley </subfield>
    <subfield code="e">colaborador</subfield>
    <subfield code="9">14029</subfield>
  </datafield>
  <datafield tag="942" ind1=" " ind2=" ">
    <subfield code="c">BK</subfield>
  </datafield>
  <datafield tag="999" ind1=" " ind2=" ">
    <subfield code="c">28567</subfield>
    <subfield code="d">28567</subfield>
  </datafield>
  <datafield tag="952" ind1=" " ind2=" ">
    <subfield code="0">0</subfield>
    <subfield code="1">0</subfield>
    <subfield code="4">0</subfield>
    <subfield code="7">0</subfield>
    <subfield code="a">BP</subfield>
    <subfield code="b">BP</subfield>
    <subfield code="d">2025-10-27</subfield>
    <subfield code="i">045045</subfield>
    <subfield code="l">0</subfield>
    <subfield code="p">045045</subfield>
    <subfield code="r">2025-10-27 20:33:15</subfield>
    <subfield code="w">2025-10-27</subfield>
    <subfield code="y">T</subfield>
  </datafield>
  <datafield tag="952" ind1=" " ind2=" ">
    <subfield code="0">0</subfield>
    <subfield code="1">0</subfield>
    <subfield code="4">0</subfield>
    <subfield code="7">0</subfield>
    <subfield code="a">BP</subfield>
    <subfield code="b">BP</subfield>
    <subfield code="d">2025-10-27</subfield>
    <subfield code="i">045046</subfield>
    <subfield code="l">0</subfield>
    <subfield code="p">045046</subfield>
    <subfield code="r">2025-10-27 20:33:15</subfield>
    <subfield code="w">2025-10-27</subfield>
    <subfield code="y">T</subfield>
  </datafield>
</record>
